Engineering Physics (Record no. 141462)

MARC details
000 -LEADER
fixed length control field 00363nam a2200157Ia 4500
008 - FIXED-LENGTH DATA ELEMENTS--GENERAL INFORMATION
fixed length control field 230917s9999||||xx |||||||||||||| ||und||
040 ## - CATALOGING SOURCE
-- 115082
Original cataloging agency VIVEKANANDA LIBRARY
041 ## - Language
-- English
082 ## - DDC NUMBER
Classification number 621 S81E
100 ## - MAIN ENTRY--PERSONAL NAME
Personal name Satya Prakash
245 #0 - TITLE STATEMENT
Title Engineering Physics
250 ## - EDITION STATEMENT
Edition statement 6th Ed. ed.
260 ## - PUBLICATION, DISTRIBUTION, ETC. (IMPRINT)
Place of publication, distribution, etc Meerut
Name of publisher, distributor, etc Pragati
Date of publication, distribution, etc 2008
300 ## - PHYSICAL DESCRIPTION
Pages 240p p.
942 ## - ADDED ENTRY ELEMENTS (KOHA)
Koha item type Books
Holdings
Withdrawn status Lost status Damaged status Not for loan Location (home branch) Sublocation or collection (holding branch) Shelving location Date acquired Koha issues (times borrowed) Koha full call number Accession No. Koha date last seen Koha item type
        VIVEKANANDA LIBRARY VIVEKANANDA LIBRARY UIET Library 27/04/2008   621 S81E 247739 17/09/2023 Books
        VIVEKANANDA LIBRARY VIVEKANANDA LIBRARY UIET Library 27/04/2008   621 S81E 247740 17/09/2023 Books
        VIVEKANANDA LIBRARY VIVEKANANDA LIBRARY UIET Library 27/04/2008   621 S81E 247741 17/09/2023 Books
        VIVEKANANDA LIBRARY VIVEKANANDA LIBRARY UIET Library 27/04/2008   621 S81E 247742 17/09/2023 Books
        VIVEKANANDA LIBRARY VIVEKANANDA LIBRARY UIET Library 27/04/2008   621 S81E 247743 17/09/2023 Books
        VIVEKANANDA LIBRARY VIVEKANANDA LIBRARY UIET Library 27/04/2008   621 S81E 247744 17/09/2023 Books
        VIVEKANANDA LIBRARY VIVEKANANDA LIBRARY UIET Library 27/04/2008   621 S81E 247745 17/09/2023 Books
        VIVEKANANDA LIBRARY VIVEKANANDA LIBRARY UIET Library 27/04/2008   621 S81E 247746 17/09/2023 Books
        VIVEKANANDA LIBRARY VIVEKANANDA LIBRARY UIET Library 27/04/2008   621 S81E 247747 17/09/2023 Books
        VIVEKANANDA LIBRARY VIVEKANANDA LIBRARY UIET Library 27/04/2008   621 S81E 247748 17/09/2023 Books
        VIVEKANANDA LIBRARY VIVEKANANDA LIBRARY UIET Library 27/04/2008 1 621 S81E 247749 05/09/2025 Books
        VIVEKANANDA LIBRARY VIVEKANANDA LIBRARY UIET Library 27/04/2008   621 S81E 247750 17/09/2023 Books
        VIVEKANANDA LIBRARY VIVEKANANDA LIBRARY UIET Library 27/04/2008   621 S81E 247751 17/09/2023 Books
        VIVEKANANDA LIBRARY VIVEKANANDA LIBRARY UIET Library 27/04/2008   621 S81E 247752 17/09/2023 Books
        VIVEKANANDA LIBRARY VIVEKANANDA LIBRARY UIET Library 27/04/2008   621 S81E 247753 17/09/2023 Books
© Designed and Maintained by Vivekananda Library, MDU Rohtak